000 01125pam a2200337 a 4500
001 1180498
003 OSt
005 20140310184307.0
008 970415s1998 nyua b 000 1 eng
010 _a 97018685
020 _a0399231668
040 _aDLC
_cDLC
_dDLC
042 _alcac
050 0 0 _aPZ 7
_b.P75186 1999
100 1 _aPolacco, Patricia.
_923184
245 1 0 _aThank you, Mr. Falker /
_cPatricia Polacco.
260 _aNew York :
_bPhilomel Books,
_c1999.
300 _bcol. ill. ;
_c29 cm.
521 _aG4
526 _c650
650 1 _aReading
_xFiction.
_923185
650 1 _aTeachers
_xFiction.
_923186
650 1 _aSelf-perception
_xFiction.
_923187
856 4 2 _3Publisher description
_uhttp://www.loc.gov/catdir/enhancements/fy1207/97018685-d.html
906 _a7
_bcbc
_corignew
_d1
_eocip
_f19
_gy-gencatlg
942 _2lcc
_cBK-SCHOLAS
_kSB
999 _c33501
_d33501